<?xml version="1.0" encoding="UTF-8"?>
<marc:record xmlns:marc="http://www.loc.gov/MARC21/slim">
   <marc:leader>00000nam a2200000 a 4500</marc:leader>
   <marc:datafield ind1="1" ind2=" " tag="100">
      <marc:subfield code="a">Washington, Bryan</marc:subfield>
      <marc:subfield code="4">aut</marc:subfield>
      <marc:subfield code="e">Verfasser/-in</marc:subfield>
   </marc:datafield>
   <marc:datafield ind1="0" ind2="0" tag="245">
      <marc:subfield code="a">Dinge, an die wir nicht glauben</marc:subfield>
   </marc:datafield>
   <marc:datafield ind1="0" ind2="0" tag="245">
      <marc:subfield code="c">Bryan Washington</marc:subfield>
   </marc:datafield>
   <marc:datafield ind1=" " ind2="1" tag="264">
      <marc:subfield code="a">Zürich 1</marc:subfield>
      <marc:subfield code="b">Kein &amp; Aber</marc:subfield>
      <marc:subfield code="c">2021</marc:subfield>
   </marc:datafield>
   <marc:datafield ind1=" " ind2=" " tag="250">
      <marc:subfield code="a">2. Auflage, neue Ausgabe</marc:subfield>
   </marc:datafield>
   <marc:datafield ind1="1" ind2=" " tag="520">
      <marc:subfield code="a">Angaben aus der Verlagsmeldung

Dinge, an die wir nicht glauben Memorial / von Bryan Washington

In Bens und Mikes hitzigen Streitereien fliegen schon mal Handys durch die Gegend. Ihre Konflikte löst das junge Paar mit Sex. Ben, ein schwarzer Kindergärtner, und Mike, ein Koch mit japanischen Wurzeln, leben seit vier Jahren zusammen in Houston. So richtig glauben beide nicht mehr an ihre Liebe.
Als Mikes schroffe Mutter Mitsuko aus Japan zu Besuch kommt, reist Mike überstürzt ab, um seinen todkranken Vater zu pflegen, den er seit Jahren nicht mehr gesehen hat. Ben bleibt zurück mit einer fremden Frau, die auf Distanz geht und erst mal wortlos die ganze Küche umräumt. Aber mit der Zeit merken Ben und Mitsuko, dass sie Mike durch den jeweils anderen neu kennenlernen. Seine Abwesenheit wird zum verbindenden Glied. Doch dann kehrt Mike zurück, und das fragile Gebilde gerät ins Wanken.
</marc:subfield>
   </marc:datafield>
   <marc:datafield ind1=" " ind2=" " tag="020">
      <marc:subfield code="a">9783036958477</marc:subfield>
      <marc:subfield code="9">9783036958477</marc:subfield>
   </marc:datafield>
   <marc:datafield ind1=" " ind2=" " tag="020">
      <marc:subfield code="a">3036958479</marc:subfield>
      <marc:subfield code="9">3036958479</marc:subfield>
   </marc:datafield>
   <marc:datafield ind1=" " ind2=" " tag="041">
      <marc:subfield code="a">ger</marc:subfield>
   </marc:datafield>
   <marc:datafield ind1=" " ind2=" " tag="300">
      <marc:subfield code="a">384 Seiten</marc:subfield>
   </marc:datafield>
</marc:record>
